[Event "San Bernardino op 2nd"]
[Site "San Bernardino"]
[Date "2012.03.29"]
[Round "1"]
[White "Onda, Walter"]
[Black "Joksic, Sinisa"]
[Result "0-1"]
[WhiteElo "1940"]
[BlackElo "2235"]
[PlyCount "76"]
[EventDate "2012.03.29"]
[EventType "swiss"]
[EventRounds "5"]
[EventCountry "SUI"]
[SourceTitle "CBM 147 Extra"]
[Source "ChessBase"]
[SourceDate "2012.04.24"]
[SourceVersion "1"]
[SourceVersionDate "2012.04.24"]
[SourceQuality "1"]

1. e4 c5 2. c3 e6 3. d4 d5 4. exd5 exd5 5. Nf3 a6 6. Be2 Nc6 7. 0-0 Bd6 8. Na3 Nge7 9. Nc2 0-0 10. dxc5 Bxc5 11. Be3 Bd6 12. Ncd4 Qc7 13. h3 Na5 14. Bd3 f5 15. Qc2 h6 16. Rad1 Rf6 17. Nh4 f4 18. Bc1 Nac6 19. Nhf5 Nxd4 20. Nxd4 f3 21. Nxf3 Bxh3 22. Nd4 Bd7 23. Qe2 Raf8 24. Qh5 Qc8 25. Qe2 Bg4 26. f3 Bd7 27. Be3 Qc7 28. Bb1 R8f7 29. Bf2 Ng6 30. Qc2 Bh2+ 31. Kh1 Qe5 32. g4 Bf4 33. Bh4 Bg5 34. Rde1 Qb8 35. Bxg5 hxg5 36. Qh2 Qd8 37. Qh5 Nf8 38. Nf5 Bxf5 0-1

[Event "Ascona-B"]
[Site "Ascona"]
[Date "2011.12.05"]
[Round "2"]
[White "Joie, Sebastien"]
[Black "Joksic, Sinisa"]
[Result "1-0"]
[WhiteElo "2249"]
[BlackElo "2255"]
[PlyCount "75"]
[EventDate "2011.12.04"]
[EventType "tourn"]
[EventRounds "9"]
[EventCountry "SUI"]
[SourceTitle "CBM 145 Extra"]
[Source "ChessBase"]
[SourceDate "2012.01.03"]
[SourceVersion "1"]
[SourceVersionDate "2012.01.03"]
[SourceQuality "1"]

1. Nf3 g6 2. e4 Bg7 3. d4 d6 4. c4 Nf6 5. Nc3 0-0 6. Be2 Na6 7. Be3 Ng4 8. Bg5 c5 9. d5 Nc7 10. h3 Nf6 11. Bd3 a6 12. a4 Bd7 13. Qd2 b5 14. Bh6 bxa4 15. Bxg7 Kxg7 16. Nxa4 Rb8 17. e5 Nfe8 18. Qc3 Kg8 19. 0-0 Rb4 20. b3 Qb8 21. Nd2 Bxa4 22. bxa4 a5 23. f4 e6 24. dxe6 Nxe6 25. Ne4 Rb3 26. Qd2 dxe5 27. f5 Nf4 28. Bc2 Rb2 29. g3 Nxh3+ 30. Kh2 Qb4 31. Qe2 Ng7 32. fxg6 fxg6 33. Rxf8+ Kxf8 34. Kxh3 Nf5 35. Rf1 Ke7 36. Qd3 Nd4 37. Bd1 h5 38. Qe3 1-0

[Event "Wch Seniors 18th"]
[Site "Bad Zwischenahn"]
[Date "2008.11.04"]
[Round "8"]
[White "Joksic, Sinisa"]
[Black "Opl, Klaus"]
[Result "0-1"]
[WhiteElo "2259"]
[BlackElo "2362"]
[PlyCount "74"]
[EventDate "2008.10.28"]
[EventType "swiss"]
[EventRounds "11"]
[EventCountry "GER"]
[SourceTitle "EXT 2009"]
[Source "ChessBase"]
[SourceDate "2008.11.26"]
[SourceVersion "1"]
[SourceVersionDate "2008.11.26"]
[SourceQuality "1"]

1. c4 Nf6 2. Nf3 g6 3. Nc3 Bg7 4. g3 0-0 5. e4 d6 6. Bg2 Nc6 7. 0-0 Nh5 8. d4 f5 9. exf5 Bxf5 10. d5 Na5 11. Ng5 Bxc3 12. bxc3 Ng7 13. Qe2 Qd7 14. Re1 Qa4 15. g4 Bd7 16. Bf1 c6 17. h3 cxd5 18. cxd5 Nb3 19. Bb2 Nxa1 20. c4 Qc2 21. Qxc2 Nxc2 22. Rxe7 Ne8 23. Bd3 Nb4 24. Rxh7 Nf6 25. Bxg6 Ba4 26. Bf7+ Rxf7 27. Rxf7 Ne8 28. Rh7 Kf8 29. Rh8+ Ke7 30. Rh7+ Kf8 31. Rxb7 Nd3 32. Bd4 a6 33. h4 Ne5 34. h5 Nxg4 35. Rf7+ Kg8 36. Rh7 Nef6 37. Rh6 Nxh6 0-1

[Event "Wch Seniors 18th"]
[Site "Bad Zwischenahn"]
[Date "2008.11.02"]
[Round "6"]
[White "Joksic, Sinisa"]
[Black "Limberg, Siegfried"]
[Result "1-0"]
[WhiteElo "2259"]
[BlackElo "2131"]
[PlyCount "85"]
[EventDate "2008.10.28"]
[EventType "swiss"]
[EventRounds "11"]
[EventCountry "GER"]
[SourceTitle "EXT 2009"]
[Source "ChessBase"]
[SourceDate "2008.11.26"]
[SourceVersion "1"]
[SourceVersionDate "2008.11.26"]
[SourceQuality "1"]

1. c4 c6 2. Nf3 Nf6 3. g3 d5 4. Bg2 dxc4 5. Qc2 g6 6. Qxc4 Be6 7. Qc2 Bg7 8. Ng5 Bd7 9. Qb3 0-0 10. Qxb7 Qb6 11. Qxb6 axb6 12. d4 Na6 13. Bd2 h6 14. Nf3 Nd5 15. 0-0 Nab4 16. Na3 c5 17. e4 Nc7 18. Bxb4 cxb4 19. Nc2 Bb5 20. Rfc1 Na6 21. Bf1 Bxf1 22. Kxf1 Rfc8 23. Ne3 e6 24. Nc4 Rab8 25. Nd6 Rd8 26. Rc6 f6 27. Rac1 e5 28. dxe5 fxe5 29. Nc4 Nc5 30. Ncxe5 g5 31. Rc7 g4 32. Nxg4 Bxb2 33. Nxh6+ Kf8 34. Rc4 Bc3 35. e5 Rd7 36. R4xc5 bxc5 37. Rxd7 Ra8 38. Rc7 Rxa2 39. Rxc5 Ra6 40. Nf5 Rb6 41. N5d4 b3 42. Rxc3 b2 43. Nd2 1-0

[Event "Ascona op"]
[Site "Ascona"]
[Date "2007.12.04"]
[Round "3"]
[White "Joksic, Sinisa"]
[Black "Lumsdon, Andrew"]
[Result "1-0"]
[WhiteElo "2314"]
[BlackElo "2050"]
[PlyCount "99"]
[EventDate "2007.12.03"]
[EventType "swiss"]
[EventRounds "9"]
[EventCountry "SUI"]
[SourceTitle "CBM 121 Extra"]
[Source "ChessBase"]
[SourceDate "2008.01.10"]
[SourceVersion "1"]
[SourceVersionDate "2008.01.10"]
[SourceQuality "1"]

1. d4 Nf6 2. Nf3 g6 3. g3 d5 4. Bg2 Bg7 5. 0-0 0-0 6. b3 c6 7. Bb2 Nbd7 8. c4 dxc4 9. bxc4 Nb6 10. Nbd2 Qc7 11. Qc2 Bg4 12. h3 Bxf3 13. Nxf3 Nfd7 14. a4 a5 15. Rab1 Rab8 16. Rfc1 Rfe8 17. e4 e5 18. c5 Nc8 19. Nxe5 Nxe5 20. dxe5 Bxe5 21. Bxe5 Qxe5 22. f4 Qc7 23. Rb3 Rd8 24. Rd1 Ne7 25. Rxd8+ Rxd8 26. h4 Rd4 27. Qb2 Rd7 28. Bf1 h5 29. Qf6 Kf8 30. Kf2 Ng8 31. Qb2 Qd8 32. Be2 Qe7 33. Qe5 Qxe5 34. fxe5 Re7 35. Ke3 Rxe5 36. Rxb7 Rxc5 37. Kd4 Rc2 38. Bc4 Ne7 39. Ra7 Rg2 40. Rxa5 Rxg3 41. Ra8+ Kg7 42. Ra7 Kf8 43. Ra8+ Kg7 44. Re8 Ng8 45. a5 g5 46. a6 Ra3 47. hxg5 h4 48. g6 fxg6 49. Rxg8+ Kf6 50. e5+ 1-0

[Event "Wch Seniors 15th"]
[Site "Lignano Sabbiadoro"]
[Date "2005.10.07"]
[Round "9"]
[White "Karasev, Vladimir I"]
[Black "Joksic, Sinisa"]
[Result "1-0"]
[WhiteElo "2390"]
[BlackElo "2282"]
[PlyCount "87"]
[EventDate "2005.09.28"]
[EventType "swiss"]
[EventRounds "11"]
[EventCountry "ITA"]
[SourceTitle "CBM 108 Extra"]
[Source "ChessBase"]
[SourceDate "2005.11.04"]
[SourceVersion "1"]
[SourceVersionDate "2005.11.04"]
[SourceQuality "1"]

1. Nf3 Nf6 2. g3 g6 3. Bg2 Bg7 4. 0-0 0-0 5. d3 d5 6. c3 c5 7. Qa4 Nc6 8. Qh4 e5 9. Bg5 Qd6 10. Nbd2 Nh5 11. g4 Nf4 12. Bxf4 exf4 13. c4 Be6 14. cxd5 Bxd5 15. Ng5 h6 16. Nge4 Qe5 17. g5 Nd4 18. gxh6 Nf5 19. Qg5 Bxh6 20. Qf6 Bg7 21. Qxe5 Bxe5 22. Nxc5 Bxg2 23. Kxg2 Bxb2 24. Rab1 Ba3 25. Nd7 Rfd8 26. Rxb7 Nd6 27. Rb3 Rxd7 28. Rxa3 Rc8 29. Nf3 Rc2 30. Nd4 Rb2 31. Rc1 Kg7 32. Rc2 Rxc2 33. Nxc2 Nf5 34. Ra4 g5 35. Kf3 Kg6 36. d4 Nd6 37. e3 fxe3 38. Nxe3 Nb5 39. d5 Rd6 40. Rc4 f5 41. a4 f4 42. axb5 fxe3 43. Rc6 Rf6+ 44. Kxe3 1-0

[Event "EU-ch Seniors 05th"]
[Site "Bad Homburg"]
[Date "2005.??.??"]
[Round "5"]
[White "Arkhangelsky, Boris Nikolaevich"]
[Black "Joksic, Sinisa"]
[Result "1-0"]
[WhiteElo "2376"]
[BlackElo "2292"]
[PlyCount "115"]
[EventDate "2005.06.25"]
[EventType "swiss"]
[EventRounds "9"]
[EventCountry "GER"]
[SourceTitle "EXT 2006"]
[Source "ChessBase"]
[SourceDate "2005.11.24"]
[SourceVersion "1"]
[SourceVersionDate "2005.11.24"]
[SourceQuality "1"]

1. d4 d5 2. c4 c6 3. Nf3 Nf6 4. e3 e6 5. Bd3 Nbd7 6. Nbd2 Bd6 7. 0-0 0-0 8. e4 dxe4 9. Nxe4 Nxe4 10. Bxe4 h6 11. Bc2 e5 12. Qd3 f5 13. c5 Bc7 14. Qb3+ Kh7 15. dxe5 Nxe5 16. Bf4 Be6 17. Qc3 Nxf3+ 18. Qxf3 Bd5 19. Bxc7 Qxc7 20. Qc3 Qf7 21. Rfe1 Rae8 22. f3 Qh5 23. a3 Rf6 24. Rxe8 Qxe8 25. Re1 Re6 26. Rxe6 Qxe6 27. Kf2 Kg8 28. Qd4 g5 29. g3 Bc4 30. Qe3 f4 31. gxf4 gxf4 32. Qe4 Kg7 33. Qd4+ Kg8 34. Qd8+ Kf7 35. Qc7+ Ke8 36. Qb8+ Ke7 37. Qxb7+ Kf6 38. Be4 Bd5 39. Qh7 Bxe4 40. Qxe4 Qe5 41. Qxc6+ Kg5 42. Kf1 Qxb2 43. Qd5+ Kh4 44. Qd3 Qxh2 45. Qc3 Kg3 46. Ke1 Qg1+ 47. Ke2 Qg2+ 48. Kd1 Qa2 49. c6 Qb1+ 50. Kd2 Qa2+ 51. Kc1 Qe6 52. c7 Qc8 53. Qe1+ Kh3 54. Qh1+ Kg3 55. Qg1+ Kxf3 56. Qd1+ Ke3 57. Qd2+ Ke4 58. Qd8 1-0

[Event "Lugano op"]
[Site "Lugano"]
[Date "2004.11.01"]
[Round "6"]
[White "Joksic, Sinisa"]
[Black "Paleologu, Vladimir"]
[Result "0-1"]
[WhiteElo "2309"]
[BlackElo "2134"]
[PlyCount "94"]
[EventDate "2004.10.30"]
[EventType "swiss"]
[EventRounds "6"]
[EventCountry "SUI"]
[SourceTitle "EXT 2007"]
[Source "ChessBase"]
[SourceDate "2006.11.23"]
[SourceVersion "1"]
[SourceVersionDate "2006.11.23"]
[SourceQuality "1"]

1. d4 f5 2. Nf3 Nf6 3. c4 g6 4. g3 Bg7 5. Bg2 0-0 6. 0-0 d6 7. Nc3 Nc6 8. d5 Ne5 9. Qb3 Ned7 10. Qc2 Nc5 11. b4 Nce4 12. Bb2 e5 13. dxe6 Bxe6 14. Nxe4 Nxe4 15. Bxg7 Kxg7 16. Nd4 Qf6 17. Rfd1 Rae8 18. a4 Bg8 19. a5 c5 20. bxc5 dxc5 21. Nb3 b6 22. e3 Re7 23. axb6 axb6 24. Ra6 Nc3 25. Rd3 Bxc4 26. Ra3 Bxd3 27. Qxd3 Ne4 28. Ra6 Re6 29. h4 Rd6 30. Qc2 Re8 31. Bf3 Re7 32. Ra8 Qe5 33. Kg2 Red7 34. Qc4 Qd5 35. Qa4 Qe5 36. Ra7 Qe7 37. Ra6 Kh6 38. Ra8 Rd3 39. Rb8 Nxf2 40. Qf4+ Kg7 41. Rxb6 Ng4 42. e4 c4 43. exf5 Ne3+ 44. Kh3 Nxf5 45. Nc1 R3d4 46. Qb8 Qe3 47. Bg2 Rxh4# 0-1

[Event "Lugano op"]
[Site "Lugano"]
[Date "2004.10.31"]
[Round "4"]
[White "Joksic, Sinisa"]
[Black "Colmenares, Aurelio"]
[Result "1-0"]
[WhiteElo "2309"]
[BlackElo "2074"]
[PlyCount "79"]
[EventDate "2004.10.30"]
[EventType "swiss"]
[EventRounds "6"]
[EventCountry "SUI"]
[SourceTitle "EXT 2007"]
[Source "ChessBase"]
[SourceDate "2006.11.23"]
[SourceVersion "1"]
[SourceVersionDate "2006.11.23"]
[SourceQuality "1"]

1. Nf3 Nf6 2. d4 g6 3. c4 Bg7 4. Nc3 0-0 5. e4 d6 6. Be2 e5 7. 0-0 Na6 8. d5 Nc5 9. Nd2 a5 10. Qc2 Nfd7 11. Nb3 f5 12. exf5 gxf5 13. f4 e4 14. Be3 Qe7 15. Rad1 Nf6 16. Nb5 Ra6 17. Qd2 Ng4 18. Bxg4 fxg4 19. Nxc5 dxc5 20. d6 cxd6 21. Nxd6 Rc6 22. Qd5+ Qe6 23. Nxc8 Rfxc8 24. b3 Bf6 25. Qxe6+ Rxe6 26. Rd5 b6 27. Rfd1 Rcc6 28. Rd7 Re7 29. Rxe7 Bxe7 30. Rd5 Kf7 31. Kf2 Bh4+ 32. Ke2 Bf6 33. f5 h5 34. Rd7+ Ke8 35. Rb7 Be5 36. Rh7 Bxh2 37. Rxh5 Bc7 38. Bg5 Bg3 39. Rh7 Bd6 40. Ke3 1-0

[Event "EU-ch Seniors 04th"]
[Site "Arvier"]
[Date "2004.09.14"]
[Round "5"]
[White "Adibekian, Roubik"]
[Black "Joksic, Sinisa"]
[Result "0-1"]
[WhiteElo "2219"]
[BlackElo "2340"]
[PlyCount "70"]
[EventDate "2004.09.10"]
[EventType "swiss"]
[EventRounds "9"]
[EventCountry "ITA"]
[SourceTitle "CBM 102 Extra"]
[Source "ChessBase"]
[SourceDate "2004.11.03"]
[SourceVersion "1"]
[SourceVersionDate "2004.11.03"]
[SourceQuality "1"]

1. d4 g6 2. g3 Bg7 3. Bg2 d6 4. c4 Nf6 5. Nc3 0-0 6. Nf3 Nbd7 7. 0-0 e5 8. e4 exd4 9. Nxd4 Re8 10. h3 Nc5 11. Re1 a5 12. Bf4 Nfd7 13. Be3 Ne5 14. Bf1 Bd7 15. Qc2 a4 16. Rad1 Ne6 17. Qe2 Qc8 18. Bg2 Nxd4 19. Bxd4 Bxh3 20. Nd5 Bxg2 21. Kxg2 Ra6 22. c5 dxc5 23. Bxc5 Rae6 24. Nf4 Rc6 25. Rd5 Nd7 26. Ba3 Nb6 27. Ra5 Rc4 28. e5 Qd7 29. Qf3 Qd2 30. e6 f6 31. Nd5 Qxe1 32. e7 Qxa5 33. Ne3 Rc6 34. Qd1 f5 35. Qd3 Bf6 0-1

[Event "Biel MTO op"]
[Site "Biel"]
[Date "2004.07.23"]
[Round "5"]
[White "Lada, Ireneusz"]
[Black "Joksic, Sinisa"]
[Result "1-0"]
[WhiteElo "2198"]
[BlackElo "2340"]
[PlyCount "84"]
[EventDate "2004.07.19"]
[EventType "swiss"]
[EventRounds "11"]
[EventCountry "SUI"]
[SourceTitle "CBM 101 Extra"]
[Source "ChessBase"]
[SourceDate "2004.09.01"]
[SourceVersion "2"]
[SourceVersionDate "2004.09.01"]
[SourceQuality "1"]

1. c4 g6 2. Nc3 f5 3. Nf3 Nf6 4. g3 Bg7 5. Bg2 d6 6. 0-0 0-0 7. d3 Nc6 8. Rb1 Nh5 9. Bd2 f4 10. b4 e5 11. b5 Ne7 12. Ne1 g5 13. Nc2 Kh8 14. Ne4 h6 15. e3 Nf6 16. exf4 gxf4 17. Nb4 Bg4 18. Bf3 Bh3 19. Re1 Qd7 20. gxf4 Ng6 21. Nxf6 Rxf6 22. Nd5 Rf7 23. Kh1 c6 24. bxc6 bxc6 25. Rg1 Nh4 26. Nb4 Nxf3 27. Qxf3 Bf5 28. Rbe1 a5 29. Nc2 Bh7 30. Rxg7 Rxg7 31. fxe5 Qf5 32. Qxf5 Bxf5 33. exd6 Kh7 34. Bc3 Rd7 35. c5 Bxd3 36. Nd4 Bc4 37. f3 Bd5 38. Kg2 Rg8+ 39. Kf2 Rdg7 40. Re5 Rg2+ 41. Ke3 R2g5 42. Rxg5 hxg5 1-0

[Event "Aosta op 12th"]
[Site "Saint Vincent"]
[Date "2004.02.09"]
[Round "3"]
[White "Iordachescu, Viorel"]
[Black "Joksic, Sinisa"]
[Result "1-0"]
[WhiteElo "2634"]
[BlackElo "2335"]
[PlyCount "99"]
[EventDate "2004.02.08"]
[EventType "swiss"]
[EventRounds "9"]
[EventCountry "ITA"]
[SourceTitle "CBM 098 Extra"]
[Source "ChessBase"]
[SourceDate "2004.03.10"]
[SourceVersion "2"]
[SourceVersionDate "2004.03.10"]
[SourceQuality "1"]

1. e4 c5 2. Nf3 a6 3. c4 e6 4. Nc3 Qc7 5. d4 cxd4 6. Nxd4 Nf6 7. a3 b6 8. Be3 Bb7 9. f3 d6 10. Be2 Nbd7 11. 0-0 Be7 12. Rc1 0-0 13. b4 Rfe8 14. Qd2 Rac8 15. Rfd1 Bf8 16. Bf1 Qb8 17. Kh1 h6 18. Nb3 Ba8 19. Rb1 Ne5 20. c5 dxc5 21. bxc5 Red8 22. Qe2 Rxd1 23. Qxd1 b5 24. a4 Nc4 25. Bf2 Rd8 26. Qc1 Bc6 27. axb5 axb5 28. Nd4 Qa8 29. Ncxb5 Ne5 30. Ra1 Qb8 31. Nxc6 Nxc6 32. h3 Qe5 33. Ra6 Nb4 34. Ra4 Nc6 35. Qa1 Qg5 36. h4 Qh5 37. Qc1 g5 38. Nd4 Rc8 39. Nxc6 Rxc6 40. g4 Nxg4 41. fxg4 Qxg4 42. Rc4 e5 43. Qe3 gxh4 44. Be2 Qc8 45. Rc1 Be7 46. Bg4 Qb7 47. Bf5 Qb2 48. Rg1+ Kf8 49. Bd7 Bxc5 50. Qxc5+ 1-0